Marketing A Financial Approch (Record no. 152719)

MARC details
000 -LEADER
fixed length control field 00644nam a22002177a 4500
005 - DATE AND TIME OF LATEST TRANSACTION
control field 20180614173724.0
008 - FIXED-LENGTH DATA ELEMENTS--GENERAL INFORMATION
fixed length control field 180614b xxu||||| |||| 00| 0 eng d
010 ## - LCCN (DPL NO)
LC control number A-946006
020 ## - INTERNATIONAL STANDARD BOOK NUMBER
International Standard Book Number 8174790101
Terms of availability 0.00
035 ## - SYSTEM CONTROL NUMBER
System control number A-946006
037 ## - SOURCE OF ACQUISITION
Source of stock number/acquisition BPPD / PUB
040 ## - CATALOGING SOURCE
Original cataloging agency dpl
Language of cataloging English
082 ## - DEWEY DECIMAL CLASSIFICATION NUMBER
Classification number 380.1 MOH
100 ## - MAIN ENTRY--PERSONAL NAME
Personal name Mohamed, H. Peepu
245 ## - TITLE STATEMENT
Title Marketing A Financial Approch
Statement of responsibility, etc by H. Peepu Mohamed
260 ## - PUBLICATION, DISTRIBUTION, ETC. (IMPRINT)
Place of publication, distribution, etc New Delhi
Name of publisher, distributor, etc Kaveri Books
Date of publication, distribution, etc 1997
270 ## - ADDRESS
Address 4697/5-21A, Ansari Road,
City New Delhi
Postal code 110002
300 ## - PHYSICAL DESCRIPTION
Extent 273 p. ;
Dimensions 22cm(Hb)
500 ## - GENERAL NOTE
General note Includes index.
942 ## - ADDED ENTRY ELEMENTS (KOHA)
Source of classification or shelving scheme Dewey Decimal Classification
Item type English Books
Classification part 155.42282
Call number suffix RED

No items available.


© Delhi Public Library
Hit Counter
free hit counter